000
00338nam a2200133Ia 4500
008
150201s2014 xx 000 0 und d
082
_a
617.525
_b
C2009K
100
_a
KABAN ,L.B.
245
_a
COMPLICATIONS IN ORAL & MAXILLOFACIAL SURGERY
250
_a
1ST
260
_b
ELSEVIER PUBLICATION
650
_a
ORAL SURGERY
942
_2
ddc
_c
BK
999
_c
4868
_d
4868